| 000 | 00419nam a2200145 i 4500 | ||
|---|---|---|---|
| 001 | 23116 | ||
| 003 | ES-MaACL | ||
| 007 | t| | ||
| 008 | 021209s1924 ag ||||1| spa d | ||
| 100 | 1 |
_aAloisi, Enzo. _920173 |
|
| 245 | 1 | 0 |
_aInmoralidades actuales _b: cuentos y sátiras / _cEnzo Aloisi. |
| 260 |
_aBuenos Aires : _b[s.n.], _c1924 ( _fImp. Ferrari Hermanos) |
||
| 300 |
_a148 p. ; _c19 cm. |
||
| 852 |
_aES-MaACL _jB-8470 |
||
| 999 |
_c23116 _d23116 |
||